नवभारत में बुनियादी परिशिक्षण कोर्स / (Record no. 121883)
[ view plain ]
| 000 -LEADER | |
|---|---|
| fixed length control field | 01115nam a22002537a 4500 |
| 005 - DATE AND TIME OF LATEST TRANSACTION | |
| control field | 20170124103221.0 |
| 010 ## - LIBRARY OF CONGRESS CONTROL NUMBER | |
| LC control number | B-194068 |
| 020 ## - INTERNATIONAL STANDARD BOOK NUMBER | |
| Terms of availability | 250.00 |
| 035 ## - SYSTEM CONTROL NUMBER | |
| System control number | B-194068 |
| 037 ## - SOURCE OF ACQUISITION | |
| Source of stock number/acquisition | Cen Lib/Ret |
| 040 ## - CATALOGING SOURCE | |
| Original cataloging agency | DPL |
| Language of cataloging | HN |
| 082 ## - DEWEY DECIMAL CLASSIFICATION NUMBER | |
| Classification number | 636.2 |
| Item number | अखिले |
| 100 ## - MAIN ENTRY--PERSONAL NAME | |
| Personal name | अखिलेश |
| 9 (RLIN) | 500 |
| 245 ## - TITLE STATEMENT | |
| Title | नवभारत में बुनियादी परिशिक्षण कोर्स / |
| Statement of responsibility, etc | अखिलेश |
| 246 ## - VARYING FORM OF TITLE | |
| Title proper/short title | Navbahart ke buniyadi prashikshan course / |
| Remainder of title | by Akhilesh |
| 260 ## - PUBLICATION, DISTRIBUTION, ETC. (IMPRINT) | |
| Place of publication, distribution, etc | रीवा |
| Name of publisher, distributor, etc | गायत्री पब्लिकेशन |
| Date of publication, distribution, etc | 2007 |
| 270 ## - ADDRESS | |
| Address | 41/42 रघुवंश सदन, बिछिया |
| City | रीवा |
| 300 ## - PHYSICAL DESCRIPTION | |
| Extent | भिन्न पृष्ठ |
| Dimensions | 22सेमी(सजिल्द) |
| 650 ## - SUBJECT ADDED ENTRY--TOPICAL TERM | |
| Topical term or geographic name as entry element | प्रतियोगी परीक्षाओं |
| 9 (RLIN) | 3059 |
| 650 ## - SUBJECT ADDED ENTRY--TOPICAL TERM | |
| Topical term or geographic name as entry element | प्रतियोगी परीक्षाओं - भारत |
| 9 (RLIN) | 101549 |
| 650 ## - SUBJECT ADDED ENTRY--TOPICAL TERM | |
| Topical term or geographic name as entry element | Competative examinations |
| 9 (RLIN) | 101550 |
| 650 ## - SUBJECT ADDED ENTRY--TOPICAL TERM | |
| Topical term or geographic name as entry element | Competative examinations -- India |
| 9 (RLIN) | 101551 |
| 942 ## - ADDED ENTRY ELEMENTS (KOHA) | |
| Source of classification or shelving scheme | Dewey Decimal Classification |
| Koha item type | Hindi Books |
| Classification part | 636.2 |
| Call number suffix | अखिले |
| Withdrawn status | Lost status | Damaged status | Not for loan | Home library | Current library | Date acquired | Source of acquisition | Cost, normal purchase price | Total Checkouts | Full call number | Barcode | Date last seen | Copy number | Cost, replacement price | Price effective from | Koha item type |
|---|---|---|---|---|---|---|---|---|---|---|---|---|---|---|---|---|
| Central Library | Central Library | 13/10/2015 | Cen Lib/Ret | 250.00 | 636.2 अखिले | B-194068 | 13/10/2015 | 1 | 250.00 | 13/10/2015 | Hindi Books |
